000 00653nam a2200241Ia 4500
003 OSt
005 20220924123413.0
006 a|||||r|||| 00| 0
007 ta
008 220923b |||||||| |||| 00| 0 tam d
020 _a818747713X (pb)
024 _a268125
037 _cTextual
040 _aARTS
_cARTS
_btam
041 _2tam
_atam
082 _aO31,1N68x, P3
100 _aMaitri Malathy Au.
_9192675
245 0 _aSankarabarani
260 _aNagercoil
_bKalachuvadu pathippagam India
_c2003
650 _aTAMIL POETRY
942 _hO31,1N68x, P3
_cTEXL
_2CC
999 _c415557
_d415557